000 00378cam a22001217a 4500
008 180718b1952 xxu||||| |||| 00| 0 eng d
082 _aA81x54 In2/51/6/1 B
100 _aCensus of India 1951
245 _aWest Bengal: vital statistics
260 _aDelhi
_bThe Manager of Publications
_c1952
300 _a75+p.
440 _aCensus of India 1951. Volume VI, West Bengal. Part I B
999 _c483633
_d483633